Responses for Show #3597 - Tuesday, April 4, 2000

Contestants

[<< previous game]

Saran Fox, a writer and story editor from Los Angeles, California

David Andignac, a director of marketing from Atlanta, Georgia

Alissa Morel, a student originally from Pomona, New York (whose 2-day cash winnings total $13,600)

[next game >>]

Jeopardy! Round responses

ENGLISH LIT
WIDE WORLD OF TRIVIA
GRIDIRON GREATS
THE PLANETS
WHEN ANIMALS ATTACK
A "DOCTOR" IN THE HOUSE
(Alex: We're going to give you abbreviations of degrees, for example, DVM; you have to identify what that stands for.)
    $100 1
Lilliput

Saran
    $100 16
King Tut

Saran
    $100 7
the All-American Team

Triple Stumper
    $100 6
Mars

Alissa
    $100 19
(Alissa: What is the grizzly?)

the polar bear

Alissa
Triple Stumper
    $100 23
(Alex: A minute to go.)

doctor of philosophy

Alissa
    $200 2
Robinson Crusoe

David
    $200 17
the Outback

David
    $200 8
Mike Ditka

David
    $200 11
Mercury & Venus

David
    $200 20
gorilla

Alissa
    $200 24
doctor of dental science

Saran
    $300 3
John Milton

Alissa
    $300 18
Israel

Triple Stumper
    $300 9
placekicker

David
    $300 12
Pluto

Alissa
    $300 26
blood

Alissa
    $300 25
juris doctor

David
    $400 4
(Saran: Who is Samuel...)

Samuel Taylor Coleridge

DavidSaran
    $400 21
colorblind

Alissa
    $400 10
Kellen Winslow

Triple Stumper
    $400 14
Saturn

Alissa
    $400 27
ostriches

David
    $500 5
(David: What is Erewhon?)

Utopia

David
Triple Stumper
    $500 22
Kandy

Triple Stumper
    $500 13
the Minnesota Vikings

David
    $500 15
astronomical units

Triple Stumper
    $800 28
(David: No idea.)
[The end-of-round signal sounds.]

piranhas

David

Scores at the first commercial break (after clue 14):

Alissa David Saran
$1,100 $1,300 -$300

Scores at the end of the Jeopardy! Round:

Alissa David Saran
$2,000 $1,400 $0

Double Jeopardy! Round responses

B.C.
M.C.s
THE PC
IN THE W.C.
"A.C."
AROUND D.C.
    $200 13
Homer

Alissa
    $200 3
Star Search

David
    $200 23
random access memory

David
    $200 12
toilet paper (or bathroom tissue)

Alissa
    $200 1
aircraft carriers

Triple Stumper
    $200 2
FBI headquarters

Alissa
    $400 18
(Alissa: What are rickshaws?)

chariots

AlissaSaran
    $400 4
Twenty-One

Alissa
    $400 24
Intel

Saran
    $400 22
cold water (froid)

Alissa
    $400 8
Alberta, Canada

Triple Stumper
    $400 14
the Mall

Alissa
    $600 19
(David: What are slaves?)

women

David
Triple Stumper
    $600 5
(David: Who is Peter Funt?)

Allen Funt

DavidSaran
    $600 26
iMac

Alissa
    $600 25
razor blades

David
    $600 9
Action Comics

Saran
    $1,000 15
(Alissa: What is Watergate?)

Foggy Bottom

Alissa
    $800 20
the Sun

Saran
    $800 6
(David: Who is Peter Marshall?)

John Davidson

AlissaDavid
    $800 27
[The end-of-round signal sounds.]

ports

David
    $800 10
Aaron Copland

Saran
    $800 16
the East Room

Triple Stumper
    $600 21
(Saran: What is Vishnu?)
...
(Alex: We have a minute to go.)

Mantra

Saran
    $1000 7
Peter Graves

David
    $1000 11
Albert Camus

Saran
    $1000 17
Dumbarton Oaks

Triple Stumper

Scores at the end of the Double Jeopardy! Round:

Alissa David Saran
$3,800 $2,200 $4,000

[wagering suggestions for these scores]

Final Jeopardy! Round responses

FAMOUS MIDDLE NAMES
DavidWhat is Amadeus?
$2,200
AlissaWhat is Amadeus?
$3,400
SaranWhat is Amadeus?
$3,601
(Wolfgang) Amadeus (Mozart)

Final scores:

Alissa David Saran
$7,200 $4,400 $7,601
2nd place: a trip to the Regal U.N. Plaza Hotel, New York City 3rd place: a Yamaha surround-sound receiver New champion: $7,601

Game dynamics:

Coryat scores:

Alissa David Saran
$4,800 $3,000 $4,600
16 R,
3 W
(including 1 DD)
14 R,
5 W
(including 1 DD)
10 R,
2 W
(including 1 DD)

Combined Coryat: $12,400

[game clues] [game scores] [suggest correction]

Game tape date: 2000-02-01
The J! Archive is created by fans, for fans. Scraping, republication, monetization, and malicious use prohibited; this site may use cookies and collect identifying information. See terms. The Jeopardy! game show and all elements thereof, including but not limited to copyright and trademark thereto, are the property of Jeopardy Productions, Inc. and are protected under law. This website is not affiliated with, sponsored by, or operated by Jeopardy Productions, Inc. Join the discussion at JBoard.tv.